UBT Library

Postwar immigrant America : (Record no. 39148)

000 -LEADER
fixed length control field 00761cam a2200265 a 4500
001 - CONTROL NUMBER
control field 1563389
005 - DATE AND TIME OF LATEST TRANSACTION
control field 20171219041127.0
008 - FIXED-LENGTH DATA ELEMENTS--GENERAL INFORMATION
fixed length control field 940607s1994 mauab 000 0 eng d
010 ## - LIBRARY OF CONGRESS CONTROL NUMBER
LC control number 92075894
020 ## - INTERNATIONAL STANDARD BOOK NUMBER
International Standard Book Number 0312102798
020 ## - INTERNATIONAL STANDARD BOOK NUMBER
International Standard Book Number 031207526X (pbk.)
035 ## - SYSTEM CONTROL NUMBER
System control number (OCoLC)30066787
040 ## - CATALOGING SOURCE
Original cataloging agency MMeT
Transcribing agency MMeT
Modifying agency DLC
041 ## - LANGUAGE CODE
Language code of text/sound track or separate title eng
042 ## - AUTHENTICATION CODE
Authentication code lccopycat
080 ## - UNIVERSAL DECIMAL CLASSIFICATION NUMBER
Universal Decimal Classification number 306.0973 UED
082 00 - DEWEY DECIMAL CLASSIFICATION NUMBER
Classification number 306.0973 UED
Edition number 20
100 1# - Rafti
Rafti 50
101 ## - Shkurtesa
Shkurtesa SOC
245 10 - TITLE STATEMENT
Title Postwar immigrant America :
Statement of responsibility, etc Reed Ueda.
504 ## - BIBLIOGRAPHY, ETC. NOTE
Bibliography, etc Includes bibliographical references and index.
906 ## - LOCAL DATA ELEMENT F, LDF (RLIN)
a 7
b cbc
c copycat
d 2
e opcn
f 19
g y-gencatlg
942 ## - ADDED ENTRY ELEMENTS (KOHA)
Source of classification or shelving scheme
Item type Books
Holdings
Withdrawn status Lost status Source of classification or shelving scheme Damaged status Not for loan Collection code Permanent location Current location Shelving location Date acquired Total Checkouts Full call number Barcode Date last seen Price effective from Koha item type
          Koleksioni i përgjithshem UBT - Lipjan UBT - Lipjan Koleksioni i përgjithshem 12/19/2017   306.0973 UED 002-29473 12/19/2017 12/19/2017 Books
UBT Library © 2015-2024. All rights reserved University Education for Business and Technology